| 000 | 00550nam a2200145Ia 4500 | ||
|---|---|---|---|
| 008 | 151213s9999 xx 000 0 und d | ||
| 100 | _aমুহাম্মদ নূরুল হুদা। | ||
| 245 |
_aীশর্তহীন শর্তে। _cমুহাম্মদ নূরুল হুদা। |
||
| 260 |
_aঢাকা _bবাংলা একাডেমী। _c1981 |
||
| 300 | _a8431 p. | ||
| 650 | _aBangla | ||
| 650 | _aBengali Literature | ||
| 700 | _aমুহাম্মদ নূরুল হুদা। | ||
| 999 |
_c4269 _d4269 |
||